000 00536nam a22001817i 4500
001 3421
003 OSt
005 20170126082318.0
007 tu
008 161220s1996 xxu||||| |||| 00| 0 d
024 7 _a3420
_2RID
040 _cOSt
084 _a10.341
_a10.61
_a10.53
_2z
245 0 0 _aHuman Development in Europe and the CIS. Summaries of the 1995 National Human Development Reports for RBEC Programme Countries.
260 _aNew York,
_c1996.
300 _a165 S. ;
_c30cm.
110 2 _aUnited Nations Development Programme (UNDP)
_eEd.
942 _cB
999 _c3371
_d3371